| 000 | 00478pam a2200121a 44500 | ||
|---|---|---|---|
| 008 | 230405s1996 xxu||||| |||| 00| 0 eng d | ||
| 041 | _aMAR | ||
| 100 | _aअॅड आर एन त्रिपाठी | ||
| 245 | _aतुमच्यासाठी महत्वाचे नवीन कायदे | ||
| 260 |
_a _bराजेश प्रकाशन 26 गिरिजा सोसायटी एम आय टी रोड _c1996 |
||
| 300 | _a115 | ||
| 906 | _a12046 | ||
| 999 |
_c302545 _d302545 |
||